|
|
|
|
| LEADER |
01507nam a2200361 a 4500 |
| 001 |
000589124 |
| 003 |
CZ BrMZK |
| 005 |
20091005101833.0 |
| 007 |
ta |
| 008 |
020304s1968 xr f cze d |
| 015 |
|
|
|a cnb000448842
|
| 035 |
|
|
|a (OCoLC)42120585
|
| 040 |
|
|
|a BOA001
|c ze
|d BOA001
|
| 080 |
|
|
|a 621.375.9.029.6(023)
|2 MRF
|
| 100 |
1 |
|
|a Blabla, Jan,
|d 1929-
|7 jn20000400182
|4 aut
|
| 245 |
1 |
0 |
|a Kvantové generátory :
|b (masery a lasery) /
|c Jan Blabla, Tomislav Šimeček, Viktor Trkal
|
| 250 |
|
|
|a 1. vyd.
|
| 260 |
|
|
|a Praha :
|b Státní nakladatelství technické literatury,
|c 1968
|
| 300 |
|
|
|a 210, [1] s. :
|c il. ;
|c 8° +
|e 1 příl.
|
| 490 |
1 |
|
|a Populární přednášky o fyzice ;
|v sv. 17
|
| 504 |
|
|
|a Obsahuje bibliografii
|
| 500 |
|
|
|a Dostupné též v digitální podobě v aplikaci Kramerius
|
| 700 |
1 |
|
|a Šimeček, Tomislav
|4 aut
|
| 700 |
1 |
|
|a Trkal, Viktor,
|d 1929-2018
|7 jk01140104
|4 aut
|
| 830 |
|
0 |
|a Populární přednášky o fyzice
|0 s
|
| 856 |
4 |
1 |
|u http://www.digitalniknihovna.cz/mzk/uuid/uuid:4ccb4210-c5c0-11e5-b93e-005056827e52
|y Digitalizovaný dokument
|x NDK
|
| 910 |
|
|
|a BOA001
|b 1-0610.694
|
| 964 |
|
|
|a Lasery - vlastnosti a užití - příručky
|
| 964 |
|
|
|a Masery - vlastnosti a užití - příručky
|
| 990 |
|
|
|a BK
|
| 991 |
|
|
|b 200906
|
| 996 |
6 |
|
|b 2610219979
|c 1-0610.694
|l MZK
|r Sklad / do 1 hodiny
|n 0
|p dar
|w 000589124
|u 000020
|a 1
|e BOA001
|j MZK50
|s P
|
| 996 |
7 |
|
|b 2619695181
|c 1-0610.694
|l MZK
|r Sklad / do 1 hodiny
|n 31
|p xerox
|w 000589124
|u 000010
|a 1
|e BOA001
|j MZK50
|s A
|